000 00452nam a2200169Ia 4500
003 GCL
008 140319s9999 xx 000 0 ara d
040 _aGCL /
_cGCL
082 0 4 _aط
_b507
_bد ع
100 1 _aدار المعارف
245 1 0 _aالعناكب /
_cدار المعارف
300 _a31 ص
490 _aالمعارف للاولاد
_v0
650 0 4 _aالعناكب
650 0 4 _aالحيوانات - تربية
942 _2ddc
_cBK
999 _c45579
_d45579